Normal view
MARC view
Entry Personal Name
001 - CONTROL NUMBER
- control field: 1235784
003 - CONTROL NUMBER IDENTIFIER
- control field: OSt
005 - DATE AND TIME OF LATEST TRANSACTION
- control field: 20260427151739.0
008 - FIXED-LENGTH DATA ELEMENTS
- fixed length control field: 260427|| aca||aabn | a|a d
040 ## - CATALOGING SOURCE
- Original cataloging agency: OSt
- Transcribing agency: OSt
100 ## - HEADING--PERSONAL NAME
- Personal name: Milkovieh George T
670 ## - SOURCE DATA FOUND
- Source citation: Work cat.: (OSt)655167: Glueck William F., Personnel : A diagnostic approach , 1982
